000 00277nam a22001217a 4500
003 OSt
008 201120b ||||| |||| 00| 0 eng d
100 _aJAIN, S.P.
245 _aAdvanced Accounts Vol-II
260 _aNew Delhi
_bKalyani
_c2019
650 _aB.Com
942 _2ddc
_cBK
999 _c9287
_d9287